000 00368nam a2200121Ia 4500
008 191111s9999 xx 000 0 und d
020 _a9789719811039
100 _aGo-Monilla, Ma. Jocelyn A.
245 _cMa. Jocelyn A. Go-Monilla.--
_aUnderstanding the self /
260 _aQuezon City :
_bC & E Publishing, Inc.
_c2018
300 _axiii, 250 pages.
650 _aSelf
999 _c362631
_d362631